Top 5 European League Top Scorers: 1997/98 - Statistics

General Stats
  • This quiz has been taken 5 times
  • The average score is 9 of 31
Answer Stats
League Goals Club Nationality Player % Correct
Serie A 21 Juventus Italy Alessandro Del Piero
100%
La Liga 24 Atletico Madrid Italy Christian Vieri
100%
Serie A 21 Fiorentina Argentina Gabriel Batistuta
100%
La Liga 19 Barcelona Brazil Rivaldo
100%
Serie A 25 Inter Brazil Ronaldo
100%
Serie A 27 Udinese Germany Oliver Bierhoff
67%
Bundesliga 22 Bayer Leverkusen Germany Ulf Kirsten
67%
Bundesliga 13 Bayern Munich Germany Carsten Jancker
33%
La Liga 17 Real Sociedad Yugoslavia Darko Kovacevic
33%
Bundesliga 13 Stuttgart Germany Fredi Bobic
33%
Eredivisie 16 Ajax Finland Jari Litmanen
33%
La Liga 18 Barcelona Spain Luis Enrique
33%
Bundesliga 14 Hertha Berlin Germany Michael Preetz
33%
Bundesliga 14 Borussia Dortmund Switzerland Stephane Chapuisat
33%
Bundesliga 13 Koln Austria Toni Polster
33%
Division 1 14 Lens Yugoslavia Anto Drobnjak
0%
Bundesliga 13 1860 Munich Germany Bernhard Winkler
0%
Division 1 18 Monaco France David Trezeguet
0%
Eredivisie 17 Vitesse Yugoslavia Dejan Curovic
0%
Bundesliga 13 Borussia Monchengladbach Sweden Jorgen Pettersson
0%
Division 1 14 Bordeaux France Lilian Laslandes
0%
La Liga 16 Compostela Bulgaria Lyuboslav Penev
0%
Eredivisie 16 Utrecht Netherlands Michael Mols
0%
Eredivisie 34 Vitesse Greece Nikolaos Machlas
0%
Bundesliga 21 Kaiserslautern Germany Olaf Marschall
0%
Serie A 22 Bologna Italy Roberto Baggio
0%
Eredivisie 21 Fortuna Sittard Netherlands Ronald Hamming
0%
Bundesliga 13 Wolfsburg Germany Roy Prager
0%
Eredivisie 25 Ajax Georgia Shota Arveladze
0%
Division 1 21 Auxerre France Stephane Guivarc'h
0%
Division 1 16 Monaco Nigeria Victor Ikpeba
0%
No matching quizzes found
Score Distribution
Percent of People with Each Score
Percentile by Number Answered
Your Score History
You have not taken this quiz